00709nam a2200217 a 4500001001000000003000900010005001700019008003500036040002500071082002900096100003600125245005600161250000600217260004500223300002000268500006400288650003500352650003500387650003500422650003400457000028647DO-SdBPM20250221102732.0110411s2000 dr 000 j spa d aDO-SdBPMbspacBPMSU aRD863.44bN174c 20002221 aNamnún G, José E. d1948-10aCuentos para niños(as) /c José E. Namnún G.  a  aSanto Domingo :bImpresora Cleto,c2000. a71 p. ;c21 cm. aIncluye datos biográficos del autor en la contracubierta. 0aCuentos infantiles dominicanos 4aLiteratura infantil dominicanaz aDominican children’s storiesz aChildren's stories, dominican